000 00485nam a2200181Ia 4500
008 240729s9999 xx 000 0 und d
022 _a2543-1684
245 0 _aMAB
260 _aBulgaria
260 _bPensoft
650 _a Business
650 _a Business mathematics. Commercial arithmetic. Including tables, etc.
650 _a Commerce
650 _aSocial Sciences
856 _uhttps://doaj.org/toc/c67811ea4ab6497694b8028836dab53b
942 _2ddc
942 _cDOAJEJ
999 _c70280
_d70280
945 _a1
_bMadushi Gamage
_c1
_dMadushi Gamage